000 00414cam a2200169ua 4500
001 5920
008 131026n ii |||gr||||Z||||||asm
040 _cMAIN
082 _a940
245 1 1 _aAdhunik Europe
_cBy Sadananda Chaliha
260 _aDibrugarh:
_bDibrugarh University,
_c1974.
300 _ax,435p.
653 _aHistory
653 _aAdhunik Europe
700 1 _aChaliha,Sadananda,
_eAuthor.
942 _cBK
999 _c5074
_d5074